[Event "XXXII Memorial Edoardo Crespi A"]
[Site "Milano ITA"]
[Date "2011.12.05"]
[Round "3"]
[White "Bove, Alessandro"]
[Black "Formento, Paolo"]
[WhiteElo "2369"]
[BlackElo "2133"]
[Result "1/2-1/2"]
[PlyCount "58"]
[EventDate "2011.12.03"]

1. d4 Nf6 2. c4 g6 3. f3 Bg7 4. e4 d6 5. Nc3 O-O 6. Bg5 Nc6 7. Nge2 a6 8. Qd2
Rb8 9. Rc1 e5 10. d5 Ne7 11. b4 Ne8 12. c5 f6 13. Bh4 f5 14. exf5 gxf5 15. Ng3
Nf6 16. Bc4 f4 17. Nge4 Nf5 18. Bf2 Nxe4 19. Nxe4 Qe8 20. cxd6 cxd6 21. Bd3 Qg6
22. Rg1 Ne3 23. Ng3 Qh6 24. Nf1 Nxf1 25. Kxf1 Bf5 26. Bxf5 Rxf5 27. Rc7 Rf7 28.
Rxf7 Kxf7 29. Qc2 Re8 1/2-1/2

[Event "XXXII Memorial Edoardo Crespi A"]
[Site "Milano ITA"]
[Date "2011.12.05"]
[Round "3"]
[White "Cacciola, Alfredo"]
[Black "Miracola, Massimiliano"]
[Result "0-1"]
[WhiteElo "2080"]
[BlackElo "2007"]
[PlyCount "54"]
[EventDate "2011.12.03"]

1. e4 c5 2. Nf3 d6 3. d4 cxd4 4. Nxd4 Nf6 5. Nc3 g6 6. Be3 Bg7 7. f3 Nc6 8. Qd2
O-O 9. g4 Bd7 10. O-O-O Rc8 11. Kb1 Ne5 12. Bg5 Re8 13. h4 Nc4 14. Bxc4 Rxc4
15. e5 Nxg4 16. fxg4 Bxg4 17. Nde2 Bxe5 18. Nd5 f6 19. Qd3 Qc8 20. Ne3 Rb4 21.
Nxg4 Rxb2+ 22. Kc1 Qxg4 23. Be3 Qb4 24. c4 Rxa2 25. Bd4 Bxd4 26. Qxd4 Rc8 27.
Rh3 Rxc4+ 0-1

[Event "XXXII Memorial Edoardo Crespi A"]
[Site "Milano ITA"]
[Date "2011.12.05"]
[Round "3"]
[White "Cani, Gazmir"]
[Black "Solodovnichenko, Yuri"]
[WhiteElo "2174"]
[BlackElo "2629"]
[Result "0-1"]
[PlyCount "44"]
[EventDate "2011.12.03"]

1. d4 Nf6 2. c4 c5 3. d5 e5 4. Nc3 d6 5. g3 h5 6. h3 Be7 7. Bg2 Nbd7 8. Nf3 Nf8
9. Qc2 Ng6 10. Bg5 a6 11. a4 Rb8 12. h4 Ng4 13. Ra3 f5 14. Bxe7 Qxe7 15. Ng5 e4
16. O-O Qe5 17. Rd1 e3 18. f4 Nxf4 19. gxf4 Qxf4 20. Nf3 g5 21. Rd3 gxh4 22.
Nd1 Rg8 0-1

[Event "XXXII Memorial Edoardo Crespi A"]
[Site "Milano ITA"]
[Date "2011.12.05"]
[Round "3"]
[White "Castrogiovanni, Carlo"]
[Black "Moroni, Luca jr"]
[Result "0-1"]
[WhiteElo "2027"]
[BlackElo "2030"]
[PlyCount "92"]
[EventDate "2011.12.03"]

1. d4 d5 2. c4 e6 3. Nc3 c6 4. cxd5 exd5 5. Bf4 Bd6 6. Bxd6 Qxd6 7. e3 Bf5 8.
Bd3 Ne7 9. Nge2 Nd7 10. Rb1 a5 11. a3 O-O 12. Ng3 Bxd3 13. Qxd3 Qe6 14. O-O g6
15. Nce2 Nc8 16. Nf4 Qe7 17. Rfe1 f5 18. Qb3 Nd6 19. f3 Kg7 20. Re2 h5 21. Nf1
Kh6 22. Rbe1 g5 23. Nd3 Nf6 24. Qc2 g4 25. Qc1 Kh7 26. Ne5 gxf3 27. gxf3 Rg8+
28. Kh1 h4 29. Nd2 Qg7 30. Rg1 Qh6 31. Qe1 Rxg1+ 32. Qxg1 h3 33. Qg3 Rg8 34.
Qf4 Rg5 35. Nf1 Qg7 36. Ng3 Nh5 37. Qh4 Kg8 38. Qxh3 Rxg3 39. hxg3 Nxg3+ 40.
Kh2 Nxe2 41. Qg2 Qxg2+ 42. Kxg2 Nc1 43. b4 axb4 44. axb4 Nc4 45. e4 Nxe5 46.
dxe5 dxe4 0-1

[Event "XXXII Memorial Edoardo Crespi A"]
[Site "Milano ITA"]
[Date "2011.12.05"]
[Round "3"]
[White "Colovic, Aleksandar"]
[Black "Berni, Fabrizio"]
[WhiteElo "2451"]
[BlackElo "2146"]
[Result "1-0"]
[PlyCount "127"]
[EventDate "2011.12.03"]

1. d4 Nf6 2. c4 e6 3. Nc3 d5 4. Bg5 Be7 5. e3 h6 6. Bh4 O-O 7. Rc1 Ne4 8. Bxe7
Qxe7 9. cxd5 Nxc3 10. bxc3 exd5 11. Qb3 Rd8 12. Ne2 c5 13. Nf4 c4 14. Qb1 Qa3
15. Qc2 Bf5 16. Qd2 Nc6 17. Be2 b5 18. Bf3 Be4 19. Bxe4 dxe4 20. Qc2 Qe7 21.
O-O Rac8 22. Rb1 a6 23. d5 Na5 24. Rfd1 Nb7 25. a4 Nd6 26. Rd4 Rc5 27. axb5
axb5 28. Ra1 Kh8 29. h3 Qe5 30. Rad1 Rcc8 31. Ne2 Ra8 32. Ng3 Re8 33. Ne2 Ra6
34. R4d2 Rea8 35. Qb2 Qe7 36. Nd4 Qd7 37. Qb4 Kh7 38. Rb2 Rb8 39. Qc5 Rc8 40.
Nc6 Rca8 41. Rdb1 Qc7 42. Qd4 Ra1 43. Qe5 Qd7 44. Rxa1 Rxa1+ 45. Kh2 Ra3 46.
Rc2 Ra8 47. Rd2 Kg8 48. Rd1 Kh7 49. Kg1 Kg8 50. Qd4 Qc7 51. Qc5 Ra2 52. Rb1 Kh7
53. g3 Kh8 54. Rxb5 Nxb5 55. Qf8+ Kh7 56. Ne7 Qxe7 57. Qxe7 Nxc3 58. d6 f5 59.
d7 Ra1+ 60. Kg2 Ne2 61. d8=Q Rg1+ 62. Kh2 Rf1 63. Qdc7 Rxf2+ 64. Kh1 1-0

[Event "XXXII Memorial Edoardo Crespi A"]
[Site "Milano ITA"]
[Date "2011.12.05"]
[Round "3"]
[White "Drazic, Sinisa"]
[Black "Shishkin, Vadim"]
[WhiteElo "2537"]
[BlackElo "2449"]
[Result "1/2-1/2"]
[PlyCount "25"]
[EventDate "2011.12.03"]

1. d4 Nf6 2. c4 g6 3. Nc3 d5 4. Bg5 Ne4 5. h4 Bg7 6. cxd5 Nxc3 7. bxc3 Qxd5 8.
Qb3 Be6 9. Qa3 Qd6 10. Qa4+ Qd7 11. Qa3 Qd6 12. Qa4+ Qd7 13. Qa3 1/2-1/2

[Event "XXXII Memorial Edoardo Crespi A"]
[Site "Milano ITA"]
[Date "2011.12.05"]
[Round "3"]
[White "Gonella, Daniele"]
[Black "Quaranta, Cristiano"]
[Result "1-0"]
[WhiteElo "2103"]
[BlackElo "2118"]
[PlyCount "135"]
[EventDate "2011.12.03"]

1. e4 c5 2. Nf3 d6 3. d4 cxd4 4. Qxd4 Nc6 5. Bb5 Bd7 6. Bxc6 Bxc6 7. c4 Nf6 8.
Nc3 g6 9. O-O Bg7 10. Be3 O-O 11. Qd3 Nd7 12. Rac1 Qa5 13. Bd4 Rac8 14. a3 Bxd4
15. Qxd4 Qc5 16. Nd5 Bxd5 17. Qxd5 Qxd5 18. exd5 Rc7 19. b3 Rfc8 20. Nd4 a6 21.
a4 Nc5 22. Rb1 a5 23. Nb5 Rd7 24. Rfd1 Ra8 25. f3 h5 26. Kf2 Kg7 27. Nc3 Rc7
28. Ke3 Na6 29. Rb2 Nb4 30. f4 b6 31. h3 Rh8 32. Ke4 Kf6 33. Kd4 Kg7 34. Ne4
Rd7 35. Ng5 Kf6 36. Re2 Na6 37. Rde1 Nc5 38. Kc3 Na6 39. g3 Rc7 40. Nf3 Nb4 41.
Kd4 Ra7 42. Nh4 Rc7 43. Ng2 Na6 44. Re3 Nb4 45. R1e2 Na6 46. g4 hxg4 47. hxg4
Rh2 48. g5+ Kg7 49. Ne1 Rxe2 50. Rxe2 Nc5 51. Re3 Ra7 52. Nc2 Kf8 53. Kc3 Ra8
54. Nd4 Rc8 55. f5 Na6 56. fxg6 fxg6 57. Rh3 Kg8 58. Rh6 Nc5 59. Rxg6+ Kf7 60.
Nf5 Ne4+ 61. Kd4 Ng3 62. Rg7+ Kf8 63. Rg8+ Kxg8 64. Nxe7+ Kf7 65. Nxc8 Ne2+ 66.
Ke3 Nc1 67. Nxd6+ Ke7 68. Nc8+ 1-0

[Event "XXXII Memorial Edoardo Crespi A"]
[Site "Milano ITA"]
[Date "2011.12.05"]
[Round "3"]
[White "Gori, Andrea"]
[Black "Bonanno, Alessandro"]
[Result "1-0"]
[WhiteElo "2087"]
[BlackElo "2132"]
[PlyCount "109"]
[EventDate "2011.12.03"]

1. e4 d5 2. exd5 Qxd5 3. Nf3 Nf6 4. d4 a6 5. Be2 Bg4 6. O-O e6 7. Be3 Be7 8.
Nbd2 O-O 9. h3 Bh5 10. c4 Qd6 11. c5 Qd8 12. Qb3 Qc8 13. g4 Bg6 14. Ne5 Nbd7
15. Bf3 Rb8 16. h4 Nxe5 17. dxe5 Nd5 18. h5 Nxe3 19. Qxe3 Bc2 20. Rac1 Ba4 21.
b3 Bb5 22. Rfe1 h6 23. a4 Bd7 24. Rc4 Qe8 25. Ne4 Bc6 26. Bd1 Bd5 27. Rc3 f5
28. exf6 Bxf6 29. Nxf6+ Rxf6 30. Bc2 Rf3 31. Qd4 Qc6 32. Rxf3 Bxf3 33. Qd3 Bh1
34. Qh7+ Kf8 35. Be4 Bxe4 36. Rxe4 Rd8 37. Qh8+ Ke7 38. Qxg7+ Ke8 39. Qg6+ Ke7
40. Qh7+ Ke8 41. Qg6+ Ke7 42. g5 Rd5 43. Qf6+ Kd7 44. Rd4 hxg5 45. h6 Qxc5 46.
Qf7+ Kd8 47. Qf6+ Kd7 48. Rxd5+ Qxd5 49. Qf7+ Kc6 50. h7 Qd1+ 51. Kh2 Qd6+ 52.
Kg2 Qe5 53. Qf8 g4 54. h8=Q Qe4+ 55. Kh2 1-0

[Event "XXXII Memorial Edoardo Crespi A"]
[Site "Milano ITA"]
[Date "2011.12.05"]
[Round "3"]
[White "Massironi, Marco"]
[Black "Martinez, Rolly"]
[WhiteElo "2171"]
[BlackElo "2420"]
[Result "0-1"]
[PlyCount "112"]
[EventDate "2011.12.03"]

1. e4 c5 2. Nf3 Nc6 3. d4 cxd4 4. Nxd4 Qb6 5. Nb3 Nf6 6. Nc3 e6 7. Qe2 d6 8.
Be3 Qc7 9. O-O-O a6 10. f4 b5 11. a3 Be7 12. g4 O-O 13. g5 Nd7 14. Nd4 Re8 15.
h4 Bb7 16. g6 Nxd4 17. gxf7+ Kxf7 18. Bxd4 e5 19. Be3 Nf6 20. Bh3 exf4 21. Bd4
Qc4 22. Qf3 Rac8 23. Bf1 Qc7 24. Qxf4 Bxe4 25. Rh2 d5 26. Qxc7 Rxc7 27. Bxf6
Bxf6 28. Nxd5 Bxd5 29. Rxd5 Re1+ 30. Rd1 Bxb2+ 31. Kxb2 Rxd1 32. Bd3 g6 33. h5
Kg7 34. hxg6 hxg6 35. a4 bxa4 36. Bxa6 Rd6 37. Bd3 Rb6+ 38. Ka3 Rc3+ 39. Kxa4
Rc8 40. Bb5 Ra8+ 41. Kb4 Ra2 42. Kc5 Rf6 43. Bd3 Rf3 44. Kd4 Rg3 45. Rh1 Ra3
46. Be4 Rac3 47. Rb1 Rc7 48. c4 Rg4 49. Re1 Rd7+ 50. Ke5 Rd8 51. Re2 Rh4 52.
Re1 Rh5+ 53. Kf4 Rd4 54. Kg3 Rxc4 55. Bf3 Rg5+ 56. Kf2 Kf6 0-1

[Event "XXXII Memorial Edoardo Crespi A"]
[Site "Milano ITA"]
[Date "2011.12.05"]
[Round "3"]
[White "Radice, Luca"]
[Black "Bozzali, Ermanno"]
[Result "1/2-1/2"]
[WhiteElo "1969"]
[BlackElo "2133"]
[PlyCount "25"]
[EventDate "2011.12.03"]

1. d4 Nf6 2. Nf3 e6 3. e3 c5 4. Bd3 b6 5. O-O Bb7 6. b3 Be7 7. Bb2 O-O 8. Nbd2
d6 9. c4 Nbd7 10. Qe2 Qc7 11. Rac1 Rac8 12. e4 e5 13. dxe5 1/2-1/2

[Event "XXXII Memorial Edoardo Crespi A"]
[Site "Milano ITA"]
[Date "2011.12.05"]
[Round "3"]
[White "Salvador, Roland"]
[Black "Malaniuk, Vladimir P."]
[WhiteElo "2500"]
[BlackElo "2504"]
[Result "1-0"]
[PlyCount "55"]
[EventDate "2011.12.03"]

1. d4 f5 2. Nf3 Nf6 3. g3 g6 4. Bg2 Bg7 5. O-O O-O 6. b3 d6 7. Bb2 Qe8 8. Nbd2
Nc6 9. Re1 e5 10. dxe5 dxe5 11. e4 f4 12. Ba3 fxg3 13. hxg3 Rf7 14. Ng5 Rd7 15.
Bh3 Rd8 16. Qe2 Bxh3 17. Qc4+ Kh8 18. Ndf3 h6 19. Nxh3 g5 20. Nhxg5 hxg5 21.
Kg2 Bh6 22. Rh1 Kg7 23. Rh2 Qg6 24. Rah1 Rh8 25. Bb2 Ng4 26. Rh5 Raf8 27. Qd5
Qf6 28. Qd7+ 1-0

[Event "XXXII Memorial Edoardo Crespi A"]
[Site "Milano ITA"]
[Date "2011.12.05"]
[Round "3"]
[White "Sardo, Gabriele"]
[Black "Barberi, Alessandro"]
[Result "1/2-1/2"]
[WhiteElo "2218"]
[BlackElo "2050"]
[PlyCount "80"]
[EventDate "2011.12.03"]

1. d4 g6 2. e4 Bg7 3. c4 d6 4. Nc3 e5 5. Nf3 Bg4 6. d5 Ne7 7. Be2 O-O 8. O-O h6
9. b4 a5 10. Ba3 axb4 11. Bxb4 Na6 12. Rb1 b6 13. a4 Nxb4 14. Rxb4 Bd7 15. Nd2
f5 16. Re1 f4 17. Bg4 h5 18. Bxd7 Qxd7 19. Qf3 Rf7 20. Ra1 Bf6 21. Qh3 Qxh3 22.
gxh3 g5 23. f3 Kh7 24. Kf2 Rg7 25. Rg1 Ng6 26. Nb3 Nh4 27. a5 bxa5 28. Ra4 Rag8
29. Nxa5 g4 30. hxg4 hxg4 31. fxg4 Rxg4 32. Rxg4 Rxg4 33. Kf1 f3 34. c5 Bg5 35.
Nc4 Kh6 36. Ra7 Rg2 37. Rxc7 Rc2 38. cxd6 Rc1+ 39. Kf2 Rc2+ 40. Kf1 Rc1+
1/2-1/2

[Event "XXXII Memorial Edoardo Crespi A"]
[Site "Milano ITA"]
[Date "2011.12.05"]
[Round "3"]
[White "Sbarra, Marco"]
[Black "Tramalloni, Luca"]
[Result "1-0"]
[WhiteElo "2245"]
[BlackElo "2111"]
[PlyCount "67"]
[EventDate "2011.12.03"]

1. c4 Nf6 2. Nc3 c5 3. Nf3 e6 4. e3 Nc6 5. d4 d5 6. a3 a6 7. dxc5 Bxc5 8. b4
Ba7 9. Bb2 O-O 10. Qc2 Qc7 11. cxd5 exd5 12. Ne2 Ne4 13. Ng3 Qe7 14. Bd3 Re8
15. O-O Bg4 16. Bxe4 dxe4 17. Nd2 Rac8 18. h3 Bd7 19. Qxe4 Qd6 20. Nc4 Qc7 21.
Qh4 Ne7 22. Rac1 Ng6 23. Qh5 Bc6 24. Nf5 f6 25. Ncd6 Bb8 26. f4 Qd7 27. Nxc8
Qxc8 28. Nd4 Rxe3 29. Nxc6 bxc6 30. Qd5+ Kh8 31. Qxc6 Qf8 32. Qc4 Qe8 33. f5
Ne5 34. Bxe5 1-0

[Event "XXXII Memorial Edoardo Crespi A"]
[Site "Milano ITA"]
[Date "2011.12.05"]
[Round "3"]
[White "Stella, Andrea"]
[Black "Kosic, Dragan"]
[WhiteElo "2448"]
[BlackElo "2502"]
[Result "1/2-1/2"]
[PlyCount "28"]
[EventDate "2011.12.03"]

1. e4 e6 2. d4 d5 3. e5 c5 4. c3 Nc6 5. Nf3 Bd7 6. Be2 Nge7 7. Na3 cxd4 8. cxd4
Nf5 9. Nc2 Nb4 10. Nxb4 Bxb4+ 11. Bd2 Qb6 12. Bxb4 Qxb4+ 13. Qd2 Qxd2+ 14. Kxd2
Rc8 1/2-1/2

[Event "XXXII Memorial Edoardo Crespi A"]
[Site "Milano ITA"]
[Date "2011.12.05"]
[Round "3"]
[White "Vezzosi, Paolo"]
[Black "Cazzaniga, Walter"]
[Result "1-0"]
[WhiteElo "2321"]
[BlackElo "2118"]
[PlyCount "97"]
[EventDate "2011.12.03"]

1. d4 Nf6 2. c4 g6 3. Nf3 Bg7 4. Nc3 d5 5. Qb3 dxc4 6. Qxc4 O-O 7. e4 Na6 8.
Be3 c6 9. Rd1 Qa5 10. Nd2 Be6 11. Nb3 Qb4 12. d5 cxd5 13. exd5 Nxd5 14. Rxd5
Bxd5 15. Qxd5 Rfd8 16. Qa5 Qxa5 17. Nxa5 Nb4 18. Bc4 b6 19. Nb3 Rac8 20. Nd2
Rxd2 21. Bxf7+ Kxf7 22. Kxd2 Rd8+ 23. Ke2 Bxc3 24. bxc3 Nd5 25. Bd2 Rc8 26. Kd3
b5 27. Rb1 Rd8 28. Kc2 a6 29. a4 bxa4 30. c4 Rc8 31. Kd3 Nf6 32. f4 Rd8+ 33.
Kc2 Ne4 34. Be3 Rc8 35. Rb4 Nc5 36. Bxc5 Rxc5 37. Rxa4 Rc6 38. Kc3 Ke6 39. Ra5
Kd6 40. g4 Ke6 41. h4 h6 42. Kd4 Kd7 43. g5 hxg5 44. fxg5 Rd6+ 45. Ke4 Re6+ 46.
Re5 a5 47. Rxe6 Kxe6 48. c5 a4 49. Kd3 1-0

[Event "XXXII Memorial Edoardo Crespi A"]
[Site "Milano ITA"]
[Date "2011.12.05"]
[Round "3"]
[White "Vinzoni, Andrea"]
[Black "Brunello, Marina"]
[Result "0-1"]
[WhiteElo "2097"]
[BlackElo "2221"]
[PlyCount "74"]
[EventDate "2011.12.03"]

1. d4 Nf6 2. c4 e6 3. Nc3 c5 4. d5 exd5 5. cxd5 d6 6. e4 g6 7. f4 Bg7 8. Bb5+
Nfd7 9. a4 Qh4+ 10. g3 Qe7 11. Nf3 O-O 12. O-O Na6 13. Re1 Nb4 14. Kh1 a6 15.
Bf1 Nf6 16. e5 Ng4 17. Kg1 Bf5 18. Nh4 Nh6 19. Nxf5 Nxf5 20. Ne4 dxe5 21. d6
Qd7 22. fxe5 Bxe5 23. Bf4 Bg7 24. Bg2 Rac8 25. Qd2 a5 26. Nc3 c4 27. Nd5 Nxd5
28. Bxd5 c3 29. bxc3 Bxc3 30. Qd3 Bxe1 31. Rxe1 Qxa4 32. Re4 Qd7 33. g4 Ng7 34.
h3 Ne6 35. Bh6 Qxd6 36. Bxf8 Rxf8 37. Qc4 Qc5+ 0-1

[Event "XXXII Memorial Edoardo Crespi A"]
[Site "Milano ITA"]
[Date "2011.12.06"]
[Round "4"]
[White "Astengo, Marcello"]
[Black "Rota, Giacomo"]
[Result "1-0"]
[WhiteElo "2048"]
[BlackElo "2008"]
[PlyCount "41"]
[EventDate "2011.12.03"]

1. d4 d5 2. c4 c6 3. Nc3 Nf6 4. Bf4 Bf5 5. e3 e6 6. Nf3 Be7 7. Be2 O-O 8. Ne5
Nbd7 9. g4 Be4 10. f3 Bg6 11. h4 dxc4 12. Bxc4 Nxe5 13. dxe5 Qxd1+ 14. Rxd1 Nd5
15. Bxd5 cxd5 16. h5 Bb4 17. hxg6 fxg6 18. Ke2 Rac8 19. Rc1 a6 20. Na4 d4 21.
exd4 1-0

[Event "XXXII Memorial Edoardo Crespi A"]
[Site "Milano ITA"]
[Date "2011.12.06"]
[Round "4"]
[White "Attuati, Stefano"]
[Black "Andreoni, Giuseppe"]
[Result "0-1"]
[WhiteElo "2006"]
[BlackElo "2122"]
[PlyCount "90"]
[EventDate "2011.12.03"]

1. e4 c5 2. Nf3 d6 3. d4 cxd4 4. Nxd4 Nf6 5. Nc3 a6 6. Bc4 e6 7. Bb3 Be7 8. Be3
O-O 9. Qe2 b5 10. f3 Qc7 11. O-O-O Nc6 12. g4 Nxd4 13. Bxd4 Nd7 14. h4 Nc5 15.
g5 Bd7 16. Rdg1 b4 17. Nd1 Nxb3+ 18. axb3 a5 19. h5 e5 20. Be3 a4 21. g6 axb3
22. c4 Bb5 23. h6 fxg6 24. hxg7 Rf7 25. Rxh7 Rxg7 26. Rxg7+ Kxg7 27. Kd2 Qxc4
28. Qxc4 Bxc4 29. Bg5 Bxg5+ 30. Rxg5 Rh8 31. Rg2 Rh3 32. Ne3 Be6 33. Ke2 Rh1
34. Kd2 Rb1 35. Kd3 Kf7 36. Nd5 Bxd5 37. exd5 Rc1 38. Rg4 Rc2 39. Rxb4 Rxb2 40.
Kc3 Rf2 41. Kxb3 Rxf3+ 42. Kc2 g5 43. Rb6 Rf6 44. Kd3 Kg6 45. Ke3 g4 0-1

[Event "XXXII Memorial Edoardo Crespi A"]
[Site "Milano ITA"]
[Date "2011.12.06"]
[Round "4"]
[White "Barberi, Alessandro"]
[Black "Anurag, Mhamal"]
[WhiteElo "2050"]
[BlackElo "2222"]
[Result "0-1"]
[PlyCount "134"]
[EventDate "2011.12.03"]

1. d4 Nf6 2. Nf3 d5 3. e3 g6 4. c4 Bg7 5. cxd5 O-O 6. Be2 Nxd5 7. e4 Nb6 8. O-O
Bg4 9. Be3 c5 10. dxc5 Qxd1 11. Rxd1 Bxb2 12. cxb6 Bxa1 13. bxa7 Nc6 14. Na3
Bc3 15. Nb5 Ba5 16. h3 Bc8 17. Nfd4 Nxa7 18. Nxa7 Rxa7 19. Nc6 Ra8 20. Nxe7+
Kg7 21. Bd4+ f6 22. e5 fxe5 23. Bxe5+ Kf7 24. Nxc8 Raxc8 25. Bg4 Rcd8 26. Rb1
b6 27. Rc1 Rfe8 28. f4 h5 29. Bd1 Rc8 30. Bb3+ Ke7 31. Rf1 Bc3 32. Bxc3 Rxc3
33. f5 gxf5 34. Rxf5 Rc5 35. Rf7+ Kd6 36. Rf6+ Kc7 37. Kf2 Re7 38. g4 Rg7 39.
Kg3 hxg4 40. hxg4 Rc1 41. Rf7+ Rxf7 42. Bxf7 Rf1 43. Bc4 Rc1 44. Bb3 Kd6 45.
Kf4 Rf1+ 46. Kg5 Ke5 47. Bg8 Rg1 48. Bb3 Ke4 49. Be6 Ke5 50. Bb3 b5 51. Bg8 Rc1
52. Bb3 Rc4 53. Bd1 Rc7 54. Kh6 Rc1 55. Bb3 Kf4 56. Kg6 Kxg4 57. Kf6 Re1 58.
Bd5 b4 59. Bg8 Kf4 60. Bb3 Re5 61. Bc2 Ra5 62. Bb3 Ra6+ 63. Ke7 Ke5 64. Kd7 Kd4
65. Kc7 Kc3 66. Kb7 Rf6 67. Kc7 Kb2 0-1

[Event "XXXII Memorial Edoardo Crespi A"]
[Site "Milano ITA"]
[Date "2011.12.06"]
[Round "4"]
[White "Battistella, Stefano"]
[Black "Massironi, Marco"]
[Result "0-1"]
[WhiteElo "2081"]
[BlackElo "2171"]
[PlyCount "68"]
[EventDate "2011.12.03"]

1. Nf3 Nf6 2. e3 g6 3. b4 Bg7 4. Bb2 d5 5. c4 c6 6. Qb3 O-O 7. a4 Bf5 8. d3 a5
9. cxd5 cxd5 10. b5 Nbd7 11. Nd4 e5 12. Nxf5 gxf5 13. Be2 Qb6 14. O-O Rac8 15.
Nd2 Bh6 16. Nf3 Ng4 17. d4 e4 18. Ne5 Qe6 19. Nxd7 Qxd7 20. Ba3 Rfe8 21. b6 Qe6
22. h3 Nf6 23. Rac1 f4 24. exf4 Bxf4 25. Rxc8 Rxc8 26. Bc5 Nd7 27. Qb5 e3 28.
fxe3 Qxe3+ 29. Kh1 Nxc5 30. Bg4 Ne4 31. Bxc8 Ng3+ 32. Kh2 Nxf1+ 33. Kh1 Ng3+
34. Kh2 Ne2+ 0-1

[Event "XXXII Memorial Edoardo Crespi A"]
[Site "Milano ITA"]
[Date "2011.12.06"]
[Round "4"]
[White "Bemporad, Filippo"]
[Black "Castrogiovanni, Carlo"]
[Result "1/2-1/2"]
[WhiteElo "2070"]
[BlackElo "2027"]
[PlyCount "55"]
[EventDate "2011.12.03"]

1. d4 Nf6 2. Nf3 c5 3. c4 cxd4 4. Nxd4 e5 5. Nb5 d5 6. cxd5 Qa5+ 7. N5c3 b5 8.
Bd2 b4 9. Qa4+ Qxa4 10. Nxa4 Nxd5 11. e4 Nf6 12. Bb5+ Bd7 13. Bxd7+ Nbxd7 14.
f3 Nc5 15. Nxc5 Bxc5 16. a3 bxa3 17. Nxa3 O-O 18. Bc3 Nd7 19. Ke2 Rab8 20. Rhd1
Rb7 21. Nc4 f6 22. Ra5 Rc8 23. Ra6 Nb6 24. Nxb6 Bxb6 25. Rd2 Kf8 26. Ra1 Ke8
27. Rad1 Rd8 28. Rxd8+ 1/2-1/2

[Event "XXXII Memorial Edoardo Crespi A"]
[Site "Milano ITA"]
[Date "2011.12.06"]
[Round "4"]
[White "Berni, Fabrizio"]
[Black "Gonella, Daniele"]
[Result "1-0"]
[WhiteElo "2146"]
[BlackElo "2103"]
[PlyCount "112"]
[EventDate "2011.12.03"]

1. e4 e5 2. Nf3 Nc6 3. Bb5 a6 4. Ba4 b5 5. Bb3 Nf6 6. d3 Be7 7. O-O O-O 8. Re1
Bb7 9. Nbd2 Re8 10. a3 Bf8 11. c3 Na5 12. Ba2 c5 13. b4 Nc6 14. Ng5 Re7 15.
bxc5 h6 16. Ngf3 d6 17. cxd6 Qxd6 18. Bb1 Rd8 19. a4 Qc7 20. axb5 axb5 21. Ba3
Red7 22. Bxf8 Rxf8 23. Qb3 Qb6 24. Nc4 Qc5 25. Ne3 Rc8 26. Qb2 Rb8 27. Rc1 Rc7
28. Ba2 Ra8 29. d4 Qe7 30. Nd5 Nxd5 31. exd5 Nd8 32. dxe5 Rc5 33. Qd2 Rxa2 34.
Qxa2 Bxd5 35. Qe2 Nc6 36. h3 g6 37. Qe3 Kg7 38. Nd4 Qg5 39. Qxg5 hxg5 40. Rab1
Bc4 41. Nxc6 Rxc6 42. Re1 Kf8 43. Re3 Rc5 44. f3 Ke7 45. Kf2 Ke6 46. Rbe1 Kf5
47. g4+ Ke6 48. Kg3 Bd5 49. h4 gxh4+ 50. Kxh4 Rc8 51. f4 Rg8 52. Kg3 Rh8 53.
Rd3 Rc8 54. f5+ gxf5 55. gxf5+ Kxf5 56. Rxd5 Rxc3+ 1-0

[Event "XXXII Memorial Edoardo Crespi A"]
[Site "Milano ITA"]
[Date "2011.12.06"]
[Round "4"]
[White "Bonanno, Alessandro"]
[Black "Radice, Luca"]
[Result "1/2-1/2"]
[WhiteElo "2132"]
[BlackElo "1969"]
[PlyCount "39"]
[EventDate "2011.12.03"]

1. e4 e5 2. f4 exf4 3. Nf3 d5 4. exd5 Nf6 5. Bc4 Nxd5 6. O-O Be7 7. d4 O-O 8.
Bxd5 Qxd5 9. Bxf4 c5 10. Nc3 Qc4 11. Ne5 Qxd4+ 12. Qxd4 cxd4 13. Nb5 Na6 14.
Nxd4 Nc5 15. Rae1 Ne6 16. Nxe6 Bxe6 17. c4 Bf6 18. b3 Bxe5 19. Bxe5 Rfd8 20.
Rd1 1/2-1/2

[Event "XXXII Memorial Edoardo Crespi A"]
[Site "Milano ITA"]
[Date "2011.12.06"]
[Round "4"]
[White "Bozzali, Ermanno"]
[Black "Vinzoni, Andrea"]
[Result "1/2-1/2"]
[WhiteElo "2133"]
[BlackElo "2097"]
[PlyCount "84"]
[EventDate "2011.12.03"]

1. d4 d5 2. Nf3 Nf6 3. c4 e6 4. Nc3 Be7 5. Bg5 h6 6. Bh4 O-O 7. e3 Ne4 8. Bxe7
Qxe7 9. Rc1 c6 10. Bd3 Nxc3 11. Rxc3 Nd7 12. cxd5 exd5 13. O-O Re8 14. Qb1 Nf6
15. Ne5 Ng4 16. Nxg4 Bxg4 17. h3 Bd7 18. b4 a6 19. a4 Qg5 20. Kh2 f5 21. f4 Qf6
22. Rf3 g6 23. b5 axb5 24. axb5 Qd6 25. Rg3 Kf7 26. Qb2 h5 27. h4 Rxe3 28. Rxe3
Qxf4+ 29. Rg3 Qxh4+ 30. Rh3 Qf4+ 31. Kh1 Qxd4 32. bxc6 Bxc6 33. Qc1 Re8 34. Rc2
Qg4 35. Kh2 d4 36. Qf1 Kg7 37. Qf2 Kh6 38. Rh4 Qg5 39. Qxd4 Rd8 40. Qb4 Rxd3
41. Qf8+ Kh7 42. Qf7+ Kh8 1/2-1/2

[Event "XXXII Memorial Edoardo Crespi A"]
[Site "Milano ITA"]
[Date "2011.12.06"]
[Round "4"]
[White "Brunello, Marina"]
[Black "Thakur, Akash"]
[WhiteElo "2221"]
[BlackElo "2324"]
[Result "1/2-1/2"]
[PlyCount "58"]
[EventDate "2011.12.03"]

1. e4 e5 2. Nf3 Nc6 3. d4 exd4 4. Nxd4 Nf6 5. Nc3 Bb4 6. Nxc6 bxc6 7. Bd3 d5 8.
exd5 cxd5 9. O-O O-O 10. Bg5 c6 11. Na4 h6 12. Bh4 Re8 13. c4 Bd6 14. Rc1 Bf4
15. Rc2 d4 16. b3 g5 17. Bg3 Bg4 18. f3 Be3+ 19. Bf2 Bh5 20. Nb2 c5 21. Bxe3
Rxe3 22. Re2 Qa5 23. Rxe3 dxe3 24. g4 Qxa2 25. Qc2 Rb8 26. gxh5 Rxb3 27. Nd1
Qa3 28. Bf5 Nxh5 29. Qe4 Nf4 1/2-1/2

[Event "XXXII Memorial Edoardo Crespi A"]
[Site "Milano ITA"]
[Date "2011.12.06"]
[Round "4"]
[White "Brunello, Roberta"]
[Black "Basso, Pier Luigi"]
[Result "1-0"]
[WhiteElo "1969"]
[BlackElo "2070"]
[PlyCount "73"]
[EventDate "2011.12.03"]

1. e4 e6 2. d4 d5 3. e5 c5 4. c3 Nc6 5. Nf3 Qb6 6. a3 Nh6 7. b4 cxd4 8. cxd4
Nf5 9. Bb2 f6 10. Bd3 Nh6 11. Nc3 fxe5 12. dxe5 Be7 13. Qc2 Bxb4 14. O-O Bxc3
15. Bxc3 g6 16. Qd2 Nf7 17. Qf4 Qd8 18. Rab1 O-O 19. Qg3 Kg7 20. h4 Nh6 21. h5
Nf5 22. Qg4 Qe8 23. Bd2 Kh8 24. hxg6 Qxg6 25. Qh3 Qg7 26. Rfe1 Nce7 27. Rb4 d4
28. Nxd4 Rg8 29. Nxf5 Nxf5 30. Bxf5 exf5 31. e6 Qe7 32. Bc3+ Rg7 33. Qxf5 Kg8
34. Bxg7 Kxg7 35. Rg4+ Kh6 36. Re3 Qh4 37. Rxh4+ 1-0

[Event "XXXII Memorial Edoardo Crespi A"]
[Site "Milano ITA"]
[Date "2011.12.06"]
[Round "4"]
[White "Cazzaniga, Walter"]
[Black "Iudicello, Giovanni"]
[Result "1-0"]
[WhiteElo "2118"]
[BlackElo "2188"]
[PlyCount "65"]
[EventDate "2011.12.03"]

1. d4 Nf6 2. c4 g6 3. Nc3 Bg7 4. e4 d6 5. Nf3 O-O 6. Be2 e5 7. O-O Nc6 8. d5
Ne7 9. b4 Ne8 10. a4 h6 11. a5 f5 12. Ba3 f4 13. c5 g5 14. Nd2 Nf6 15. f3 Ng6
16. Nc4 Ne8 17. b5 b6 18. cxb6 cxb6 19. axb6 axb6 20. Na4 Rb8 21. Bb4 Rf7 22.
Naxb6 Rxb6 23. Ba5 Rfb7 24. Nxb6 Rxb6 25. Qe1 Nf8 26. Qf2 Nd7 27. Rfc1 Bb7 28.
Bxb6 Nxb6 29. Ra7 Bc8 30. Rc6 Nd7 31. b6 Nb8 32. b7 Bxb7 33. Rxb7 1-0

[Event "XXXII Memorial Edoardo Crespi A"]
[Site "Milano ITA"]
[Date "2011.12.06"]
[Round "4"]
[White "Di Lascio, Savino"]
[Black "Cacciola, Alfredo"]
[Result "0-1"]
[WhiteElo "2015"]
[BlackElo "2080"]
[PlyCount "114"]
[EventDate "2011.12.03"]

1. Nf3 d5 2. b4 Nf6 3. Bb2 e6 4. a3 Be7 5. g3 b6 6. Bg2 Bb7 7. d3 O-O 8. O-O c5
9. b5 Nbd7 10. Nbd2 Qc7 11. Nh4 Ne8 12. e4 Bxh4 13. gxh4 Qf4 14. Nf3 dxe4 15.
dxe4 Bxe4 16. Bc1 Qc7 17. Qe2 Nef6 18. Re1 Rfe8 19. h5 h6 20. Qc4 Qb7 21. Re3
Rad8 22. Bb2 Qd5 23. Qe2 Qa8 24. Re1 Bb7 25. Nh4 Bxg2 26. Nxg2 Qd5 27. Rg3 Kh8
28. Rd1 Qa8 29. Kh1 e5 30. c4 Qe4 31. Re3 Qf5 32. Red3 Rc8 33. Rd6 Nf8 34. Bc1
Qxh5 35. Qxh5 Nxh5 36. Bxh6 Ne6 37. Bc1 Nf6 38. R6d3 Nd4 39. Rh3+ Kg8 40. Ne3
Rcd8 41. Bb2 Ne4 42. Kg2 f6 43. Nd5 Nd6 44. Rg3 Kf7 45. Nc7 Re7 46. Nd5 Red7
47. Ne3 N6f5 48. Nxf5 Nxf5 49. Rxd7+ Rxd7 50. Rc3 Rd2 51. Bc1 Rd4 52. Be3 Nxe3+
53. fxe3 Rd2+ 54. Kg3 f5 55. h4 Ke6 56. Kf3 e4+ 57. Kf4 Rg2 0-1